LEADER 01427nam 2200421 450 001 000007861 005 20070503173400.0 010 $a88-06-02093-5 100 $a20010316d1982----km-y0itay0103----ba 101 0 $aita 102 $aIT 200 1 $a<> complice$fFriedrich Dürrenmatt$gintroduzione e traduzione di Emilio Castellani 200 1 $a1 $n0005044 205 $a2. ed. 210 $aTorino$cEinaudi$d1982 215 $aXIV, 62 p.$d18 cm. 225 1 $aCollezione di teatro$v215 500 10$a<> Mitmacher$m$91526425 676 $a832.914$v(20. ed.)$9Letteratura drammatica tedesca. 1945- 700 1$aDürrenmatt,$bFriedrich$0756854 702 1$aCastellani,$bEmilio 801 0$aIT$bUniversità della Basilicata - B.I.A.$gRICA$2unimarc 912 $a000007861 996 $aMitmacher$91526425 997 $aUNIBAS BAS $aMONLET BAS $aMONOGR BAS $aLETTERE CAT $aDEMEO$b01$c20010316$lBAS01$h1042 CAT $aTROMBONE$b20$c20010327$lBAS01$h1220 CAT $c20050601$lBAS01$h1754 CAT $abatch$b01$c20050718$lBAS01$h1049 CAT $c20050718$lBAS01$h1108 CAT $c20050718$lBAS01$h1138 CAT $c20050718$lBAS01$h1153 CAT $aBATCH$b00$c20070503$lBAS01$h1734 FMT Z30 -1$lBAS01$LBAS01$mBOOK$1BASA1$APolo Storico-Umanistico$2GEN$BCollezione generale$3FP/9488$69488$5L9488$820010316$f02$FPrestabile Generale LEADER 02075oam 2200493 a 450 001 9910692556803321 005 20040609083003.0 035 $a(CKB)5470000002353886 035 $a(OCoLC)55480783 035 9 $aocm55480783 035 $a(OCoLC)995470000002353886 035 $a(EXLCZ)995470000002353886 100 $a20040525d2004 ua 0 101 0 $aeng 135 $aurmn|||||| 181 $ctxt$2rdacontent 182 $cc$2rdamedia 183 $acr$2rdacarrier 200 10$aChemical and biological defense$b[electronic resource] $eDOD needs to continue to collect and provide information on tests and potentially exposed personnel : report to the Senate and House Committees on Armed Services 210 1$a[Washington, D.C.] :$cU.S. General Accounting Office,$d[2004] 300 $aTitle from title screen (viewed on May 25, 2004). 300 $a"May 2004." 300 $aPaper version available from: General Accounting Office, 441 G St., NW, Rm. LM, Washington, D.C. 20548. 300 $a"GAO-04-410." 320 $aIncludes bibliographical references. 330 $aReport evaluates DOD's process to identify the Project 112 tests and the service members and the number of civilian personnel potentially exposed during the classified chemical and biological warfare test. 517 $aChemical and biological defense 606 $aBiological weapons$zUnited States$xTesting 606 $aChemical weapons$zUnited States$xTesting 606 $aBiological warfare$xSafety measures$xTesting 606 $aChemical weapons$xSafety measures$xTesting 607 $aUnited States$xArmed Forces 615 0$aBiological weapons$xTesting. 615 0$aChemical weapons$xTesting. 615 0$aBiological warfare$xSafety measures$xTesting. 615 0$aChemical weapons$xSafety measures$xTesting. 712 02$aUnited States.$bDepartment of Defense. 801 0$bNDU 801 1$bNDU 801 2$bGPO 906 $aBOOK 912 $a9910692556803321 996 $aChemical and biological defense$93173397 997 $aUNINA LEADER 01467nam1 22003493i 450 001 UMC0064550 005 20231121125911.0 100 $a20220203g1986 ||||0itac50 ba 101 | $aita 102 $ait 181 1$6z01$ai $bxxxe 182 1$6z01$an 200 1 $aPsicofisiologia$fa cura di Luciano Stegagno 210 $aTorino$cBollati Boringhieri 215 $a2 v.$d24 cm 225 | $aProgramma di psicologia, psichiatria, psicoterapia 410 0$1001CFI0000066$12001 $aProgramma di psicologia, psichiatria, psicoterapia 463 1$1001UMC0064543$12001 $a˜1: œIndicatori fisiologici del comportamento umano$fcontributi di Giovanni Berlucchi ... \et al.!$ga cura di Luciano Stegagno$v1 463 1$1001UMC0064547$12001 $a˜2: œCorrelati fisiologici dei processi cognitivi e del comportamento$fcontributi di Niels Birbaumer ... \et al.!$ga cura di Luciano Stegagno$v2 606 $aPsicofisiologia$2FIR$3RMLC002962$9I 676 $a152$9PSICOLOGIA FISIOLOGICA$v21 676 $a612.8$9Fisiologia umana. Funzioni nervose Funzioni sensorie$v22 702 1$aStegagno$b, Luciano$3CFIV052391 801 3$aIT$bIT-01$c20220203 850 $aIT-FR0017 899 $aBiblioteca umanistica Giorgio Aprea$bFR0017 912 $aUMC0064550 950 1$aBiblioteca umanistica Giorgio Aprea$d 52MAG 14/814.1$d 52MAG 14/814.2 967 $m2 977 $a 52 996 $aPsicofisiologia$9491427 997 $aUNICAS